Super Smash Bros. Fighters #45 - The Villager Quiz - Statistics

General Stats
  • This quiz has been taken 46 times
  • The average score is 10 of 13
Answer Stats
Hint Answer % Correct
Who must you pay a mortgage to in Animal Crossing? Tom Nook
100%
What year did this game release? 2001
98%
What console did this game release for overseas? GameCube
98%
What Mario Kart game is Villager a playable character in? Mario Kart 8
98%
What is the best-selling Animal Crossing game? Animal Crossing: New Horizons
95%
What object is used to represent the Animal Crossing series? Leaf
90%
What is your occupation in Animal Crossing: New Leaf? Mayor
88%
What console did this game release for originally? Nintendo 64
85%
What is the main currency used in Animal Crossing? Bell
83%
In early Animal Crossing games, your appearance was set by talking to this feline friend: Rover
53%
Which character filled this occupation prior to Animal Crossing: New Leaf? Tortimer
53%
The first Animal Crossing game, Doubutsu no Mori, released only in Japan. What does the title translate to in English? Animal Forest
50%
This man was inspired to create Animal Crossing by his experience of moving to a new town: Katsuya Eguchi
10%
No matching quizzes found
Score Distribution
Percent of People with Each Score
Percentile by Number Answered
Your Score History
You have not taken this quiz